| 000 | 00703nam a2200193 a 4500 | ||
|---|---|---|---|
| 001 | 000040070 | ||
| 005 | 20201002033911.0 | ||
| 008 | 130805s1991 sp a 000 0 spa d | ||
| 020 | _a8475096956 | ||
| 040 |
_aDO-SdBNP _bspa _cBNPHU |
||
| 100 | 1 |
_aJampolsky, Gerald G. _966327 |
|
| 240 | 1 | 0 |
_aLove is the answer _lEspañol |
| 245 | 1 | 0 |
_aAmar es la respuesta : _bcómo establecer relaciones positivas / _cGerald G. Jampolsky, Diane V. Cirincione ; traducción Maricel Ford. |
| 260 |
_aBarcelona : _bPaidós, _c1991. |
||
| 300 |
_a180 p. : _bils. ; _c23 cm. |
||
| 500 | _aLa biblioteca posee la tercera reimpresión de año 1991 | ||
| 590 | _aInventariado,2019/VM | ||
| 700 | 1 |
_aFord, Maricel, _etrad. _933649 |
|
| 999 |
_c39560 _d39560 |
||